[Event "AN PASAN Sofia - ALCOR Bucuresti"]
[Site "Vonesta Voda"]
[Date "2016.12.28"]
[Round "4.1"]
[White "Schiopu, Andreea-Alexandra"]
[Black "Pavlov, Vladimir"]
[Result "0-1"]
[WhiteElo "1620"]
[BlackElo "1903"]
[PlyCount "138"]
[EventDate "2016.12.26"]
[EventType "schev"]
[EventRounds "6"]
[EventCountry "BUL"]

1. d4 f5 2. Nf3 Nf6 3. g3 g6 4. Bg2 Bg7 5. O-O O-O 6. c4 h6 $146 (6... e6 7. b3
d6 8. Bb2 Nbd7 9. Qc2 c6 10. Nbd2 d5 11. Ne1 Ng4 12. Nd3 Re8 13. e3 Nh6 14. f3
dxc4 15. Nxc4 Nb6 16. Nde5 Nf7 17. Rad1 Nxc4 18. bxc4 Qc7 19. f4 Rd8 20. Ba3
Bd7 21. Qb3 {Pirc,V-Kostic,B Novi Sad 1945 1-0 (52)}) (6... d5 7. Nc3 Qe8 8.
Nxd5 Nxd5 9. cxd5 c6 10. dxc6 bxc6 11. d5 c5 12. e4 fxe4 13. Ng5 h6 14. Nxe4
Nd7 15. Bd2 Qf7 16. Bc3 Rb8 17. Qd2 Ne5 18. f4 Nc4 19. Qe2 Nb6 20. Rad1 Bf5 21.
g4 {Semkov,S (2470)-Grivas,E (2425) Plovdiv 1988 1-0 (34)}) (6... Ne4 7. Qc2 d6
8. d5 Na6 9. Be3 c5 10. Nbd2 Nf6 11. Nb3 Bd7 12. Ng5 Rb8 13. Rad1 Nb4 14. Qb1
b5 15. Nxc5 dxc5 16. Bxc5 bxc4 17. d6 e5 18. Bxa7 Rb5 19. a3 Qa5 20. Be3 Nbd5
21. Bd2 {Lapiccirella,M-Pegoraro,N (2065) Bratto 1997 0-1}) (6... Qe8 7. Nc3
Na6 8. a3 d6 9. Qc2 e5 10. dxe5 dxe5 11. Be3 Ng4 12. Bd2 e4 13. Ng5 e3 14. h3
Nxf2 15. Rxf2 exf2+ 16. Kxf2 Bd4+ 17. e3 Bf6 18. Nf3 c6 19. Rd1 Be6 20. Ne2 Qf7
21. b3 {Aguirre,P-Pelikan,J Buenos Aires 1957 0-1 (33)}) (6... c5 7. Nc3 cxd4
8. Nxd4 Nc6 9. Nc2 d6 10. Bg5 h6 11. Bd2 Kh7 12. Rc1 Be6 13. b3 d5 14. c5 Ne4
15. Nxe4 fxe4 16. b4 a6 17. a4 Qc8 18. Bf4 Rd8 19. b5 axb5 20. axb5 Na7 21. Nd4
{Kalme,C-Seidman,H New York 1960 1/2 (41)}) (6... d6 7. d5 $11) 7. Qc2 d6 8.
Nbd2 (8. Nc3 Qe8 $14) 8... Qe8 $11 9. d5 e5 10. dxe6 Qxe6 11. Nd4 Qe7 12. e3
Na6 13. Rb1 Nc5 14. b3 a5 15. a3 Nce4 16. Bb2 Re8 17. Nb5 c6 18. Nc3 Rb8 (18...
Nxc3 $5 19. Bxc3 Be6 $11) 19. Ncxe4 $16 Nxe4 20. Nxe4 fxe4 21. Bxg7 Kxg7 22.
Rbd1 (22. Rfd1 Bf5 $16) 22... Qe5 (22... Bf5 23. Qd2 $14) 23. Rd4 $16 Bf5 24.
Rfd1 Rbd8 25. Qd2 Re6 $2 (25... Kf6 $16) 26. Qe2 $4 (26. g4 $142 $18) 26... g5
$14 27. Qc2 h5 28. h3 Kf7 29. Qe2 g4 (29... Bg6 30. b4 $14) 30. h4 $14 Qc5 31.
a4 (31. b4 axb4 32. axb4 Qxb4 $16) 31... Rb8 32. Qd2 Ke7 33. Kh2 b6 34. Qe1 Qa3
35. Qc3 Rf8 36. Qc2 (36. c5 $5 Qxc5 37. Rc4 $11) 36... Qc5 $11 37. Kg1 Qe5 38.
Qd2 Bg6 39. Qc2 Bh7 40. R1d2 Rf3 $2 (40... Bg6 41. Qb1 $11) 41. Qd1 (41. Bxf3
$142 gxf3 42. Rd1 $16) 41... Rff6 $11 42. Qe1 Kd7 43. Qd1 Kc7 44. Qe1 Rf7 45.
Qd1 Rf3 (45... Rff6 $5 $11) 46. Qc2 Ref6 47. Qb2 Bg6 $4 (47... Qf5 48. Rc2 $16
(48. Bxf3 $143 gxf3 49. Qb1 Qg4 $16)) 48. Re2 (48. Rxd6 $142 $1 Qxd6 49. Rxd6
Rxd6 50. Bxf3 exf3 51. Qg7+ Kd8 52. c5 bxc5 53. Kh2 $18) 48... Qc5 (48... Qe6
49. Rd1 (49. Bxf3 $4 gxf3 50. Qa1 fxe2 $19) 49... c5 50. Red2 $11 (50. Bxf3
gxf3 51. Kh2 fxe2 52. Qxe2 Qf5 $19)) 49. Red2 Qf5 (49... Qe5 50. Rxd6 Qxd6 51.
Rxd6 Rxd6 52. Bxf3 exf3 53. Qg7+ Kd8 54. c5 bxc5 55. Kh2 $18) 50. Re2 Bf7 (
50... Qc5 51. Rc2 Qf5 $16) 51. Qc2 d5 (51... Bg6 $142 $5 $16) 52. cxd5 $18 Bxd5
(52... c5 53. Rxe4 Kd8 54. Rf4 (54. Bxf3 $4 gxf3 55. Rf4 fxe2 56. Qxe2 Qb1+ 57.
Kg2 Rxf4 58. gxf4 Bxd5+ 59. f3 Bxb3 $19) 54... Qxc2 55. Rxc2 R3xf4 56. gxf4 $18
(56. exf4 $6 Rd6 $18)) 53. Red2 Kb7 $6 (53... Rd6 54. b4 axb4 55. Rxb4 Qe6 $18)
54. Bh1 (54. b4 $142 axb4 55. Rxb4 $18) 54... Rxg3+ $19 55. Bg2 Rf3 (55...
Rxg2+ $142 56. Kxg2 Qf3+ 57. Kg1 $19) 56. Qb2 $2 (56. b4 g3 57. fxg3 Rxe3 58.
bxa5 $19) 56... g3 57. fxg3 Rxg3 58. Rf2 Qxf2+ (58... Qe5 $142 $5 59. Rxf6 Qxf6
60. Qd2 $19) 59. Qxf2 Rxf2 60. Kxf2 Rg4 61. Bf1 (61. Bh3 Rxh4 62. Kg3 Rxh3+ 63.
Kxh3 Bxb3 64. Rd7+ Ka6 $19) 61... Rxh4 (61... Bxb3 $142 62. Bh3 Rxh4 63. Rd7+
Ka6 64. Bf1+ b5 65. axb5+ cxb5 66. Rd6+ Kb7 67. Bxb5 $19) 62. Kg3 $2 (62. b4
$19) 62... Rg4+ 63. Kh3 Rg1 64. Bc4 (64. Rd1 b5 (64... Bxb3 $143 65. Ba6+ Kxa6
66. Rxg1 Bxa4 67. Rc1 $19) 65. axb5 Bxb3 66. bxc6+ Kc7 $19) 64... Re1 65. Bxd5
(65. Kh4 $19) 65... cxd5 66. Rxd5 Rxe3+ 67. Kh4 Rxb3 68. Re5 (68. Rd1 Kc6 69.
Rh1 $19) 68... Rb4 69. Kxh5 Rxa4 0-1

[Event "AN PASAN Sofia - ALCOR Bucuresti"]
[Site "Vonesta Voda"]
[Date "2016.12.28"]
[Round "4.1"]
[White "Stefan, Mihai"]
[Black "Hristov, Deyan"]
[Result "1-0"]
[WhiteElo "1893"]
[BlackElo "1495"]
[PlyCount "111"]
[EventDate "2016.12.26"]
[EventType "schev"]
[EventRounds "6"]
[EventCountry "BUL"]

1. e4 e5 2. Nf3 Nc6 3. Bb5 a6 4. Ba4 b5 5. Bb3 Bc5 6. O-O d6 7. a4 Bg4 (7...
Rb8 8. axb5 axb5 9. h3 Qf6 10. c3 h6 {
1/2 (10) Collins,S (2398)-Wittmann,W (2316) Budapest 2007}) (7... b4 8. c3 Qf6
9. Bd5 Nge7 10. d4 Nxd5 11. exd5 exd4 12. dxc6 dxc3 13. bxc3 bxc3 14. Qe1+ Be6
15. Qxc3 Qg6 16. Ne5 Qf5 17. Nd3 Bb6 18. Bb2 Ba5 19. Qc2 O-O 20. Nd2 Bd5 21.
Rac1 Qg5 22. g3 {Saurina Suner,F (1884)-Serrat Rifa,E (2081) Moia 2015 0-1 (45)
}) 8. c3 $146 (8. axb5 Nd4 9. Bxf7+ Kxf7 10. Nxe5+ dxe5 11. Qxg4 Nf6 12. Qd1
axb5 13. Rxa8 Qxa8 14. c3 Ne6 15. d3 Rd8 16. Be3 Nxe4 17. Qh5+ g6 18. Qxh7+ Ng7
19. Bh6 Rg8 20. dxe4 Qxe4 21. Nd2 Qd5 22. Nf3 Be7 {
Exposito,R-Cabrera Trujillo,J Tenerife 2003 1-0}) (8. h3 Bh5 9. c3 Nf6 10. d3
O-O 11. Be3 Qd7 12. Nbd2 Ne7 13. Bg5 Ng6 14. Bxf6 Nf4 15. Bh4 Nxh3+ 16. Kh2 Nf4
17. Bg3 Qg4 18. d4 exd4 19. Nxd4 Qg6 20. N2f3 Qh6 21. Nf5 Qf6 22. Bxf4 g6 {
Saltaev,M (2508)-Sotiriou,A Aghios Kirykos 2006 1-0}) (8. Bd5 Bd7 9. Ng5 Qxg5
$11) 8... h6 (8... Nf6 9. d3 $11) 9. Na3 (9. h3 Bxf3 10. Qxf3 Nf6 $14) 9... Qf6
10. Nc2 Na7 $4 (10... b4 $142 11. Ne3 Bxf3 12. gxf3 Bxe3 13. fxe3 bxc3 14. bxc3
Na5 $14) 11. d4 $18 exd4 12. cxd4 d5 (12... Rd8 13. Qe2 Bxf3 14. Qxf3 Qxf3 15.
gxf3 $18) 13. e5 (13. dxc5 $142 Bxf3 14. Qxf3 Qxf3 15. gxf3 dxe4 $18) 13...
Bxf3 14. exf6 (14. dxc5 $6 Bxd1 15. exf6 Bxc2 16. fxg7 Rh7 17. Re1+ Kd7 18.
Bxc2 Rxg7 $18) (14. Qxf3 $6 Qxf3 15. gxf3 Bb6 $18) (14. gxf3 $6 Qg6+ 15. Kh1
Bf8 16. Bxd5 Rd8 $18) 14... Bxd1 15. Re1+ (15. fxg7 Rh7 16. Rxd1 Be7 17. Bxd5
Rb8 $18) 15... Kd7 $2 (15... Be7 16. fxg7 Rh7 17. Rxd1 c6 $18) 16. fxg7 (16.
dxc5 $6 Bxc2 17. fxg7 Rh7 18. Bxc2 Rxg7 $18) 16... Rh7 17. Rxd1 (17. dxc5 $6
Bxc2 18. Bxc2 Rxg7 $18) 17... Bd6 18. axb5 Nxb5 19. Bxd5 c6 20. Bxf7 Rxg7 21.
Bxg8 (21. Bc4 Nc7 $18) 21... Raxg8 22. g3 h5 23. Rxa6 h4 24. Rd3 (24. Ne3 hxg3
25. fxg3 Rg6 $18) 24... hxg3 25. hxg3 Rh7 (25... Nc7 26. Ra7 $18) 26. d5 c5 (
26... Rc8 27. Bf4 cxd5 28. Nd4 Bxf4 29. Nxb5 (29. gxf4 $6 Nxd4 30. Rxd4 Rh5 $16
) 29... Rc1+ 30. Kg2 $18) 27. Rb6 (27. Na3 Nc7 28. Ra7 Ra8 29. Rxa8 Nxa8 $18)
27... Nc7 $2 (27... c4 28. Rb7+ (28. Rxb5 $6 cxd3 29. Rb7+ Bc7 $11) 28... Bc7
29. Rd1 $18 (29. Rxb5 $6 cxd3 30. Ne1 Re7 $11)) 28. Be3 (28. Ne3 Rgh8 29. Nc4
Rh1+ 30. Kg2 R1h2+ 31. Kf1 Rh1+ 32. Ke2 Rxc1 33. Rxd6+ Kc8 34. Nb6+ Kb8 $18)
28... Rgh8 (28... Rh5 29. Rb7 $18) 29. Bg5 (29. Na3 $142 Rh1+ 30. Kg2 R1h2+ 31.
Kf1 $18) 29... Rh1+ 30. Kg2 R1h2+ 31. Kf1 Rf8 32. Rxd6+ $1 Kxd6 33. Bf4+ Kd7
34. Ne3 Rh5 35. Ke2 (35. Kg2 Re8 $18) 35... Rd8 (35... Nb5 36. Nc4 $16) 36. g4
$18 Rh4 $4 (36... Rh3 37. Ra3 Ra8 38. Rxa8 Nxa8 $18) 37. Bg5 Rhh8 38. Bxd8 Rxd8
39. f4 Rb8 (39... Nb5 40. Kf2 $18) 40. Nc4 Rb4 (40... Nb5 41. Rh3 Re8+ 42. Kd3
$18) 41. b3 Nb5 42. Ke3 (42. d6 Nd4+ 43. Ke3 Rb8 $18) 42... Nd4 43. Rxd4 cxd4+
44. Kxd4 Rxb3 (44... Rb8 45. g5 Rg8 $18) 45. g5 Rb1 46. Ke5 Re1+ (46... Rb4 47.
Nd6 Ke7 $18) 47. Kf6 Re4 48. Ne5+ Kd6 49. Nf7+ Kxd5 50. f5 Rf4 51. g6 Ke4 52.
Ng5+ Ke3 53. g7 Kf2 54. Nh3+ Kf3 55. Nxf4 Kxf4 56. g8=Q 1-0

[Event "AN PASAN Sofia - ALCOR Bucuresti"]
[Site "Vonesta Voda"]
[Date "2016.12.28"]
[Round "4.1"]
[White "Stepanencu, Nicodim-Cosmin"]
[Black "Stoyanov, Georgi"]
[Result "0-1"]
[WhiteElo "1688"]
[BlackElo "1895"]
[PlyCount "90"]
[EventDate "2016.12.26"]
[EventType "schev"]
[EventRounds "6"]
[EventCountry "BUL"]

1. e4 c6 2. d4 d5 3. Nc3 dxe4 4. Nxe4 Nf6 5. Nxf6+ gxf6 6. Nf3 Bf5 7. Bd3 Bg6
8. c3 e6 9. Qc2 Bd6 10. Be3 Nd7 11. Nd2 Bxd3 12. Qxd3 f5 13. Nc4 $146 (13. g3
Bc7 14. O-O-O Ne5 15. Qe2 Ng4 16. Nb3 Nxe3 17. Qxe3 Qd5 18. Kb1 f4 19. Qe2
O-O-O 20. Ka1 h5 21. Rhg1 Qf5 22. Nc5 Rhg8 23. Nd3 Qh3 24. Qf3 Rd5 25. Nxf4
Bxf4 26. Qxf4 Rf5 27. Qe3 Qxh2 {Storm,R-Derikum,A Germany 1982 1/2 (35)}) 13...
Bc7 14. g3 b5 15. Nd2 Ne5 16. Qe2 Qd5 17. O-O Nc4 18. Nxc4 bxc4 19. f4 (19. b3
$5 cxb3 20. axb3 $16) 19... h5 $15 20. Qf3 (20. h4 Rb8 $15) 20... Rb8 21. Qxd5
cxd5 22. Rfb1 Kd7 23. b3 a5 24. bxc4 dxc4 25. Bc1 Bd6 26. a4 Kc6 27. Kg2 (27.
Kf2 $17) 27... f6 (27... Rb3 $5 28. Rb2 $19) 28. Be3 (28. Kf3 Rhd8 $15) 28...
e5 (28... Rb3 $5 29. Bd2 Rhb8 $17) 29. Kf3 Rhg8 (29... e4+ 30. Ke2 $15) 30. h4
(30. dxe5 fxe5 31. fxe5 Bxe5 $15) 30... exd4 (30... Rb3 $142 $5 31. Rxb3 cxb3
$17) 31. Bxd4 $11 Bc5 32. Bxf6 Rb3 33. Be5 Rd8 34. Rxb3 $4 (34. Ke2 $142 Rg8
35. Rxb3 cxb3 36. Rb1 Rxg3 37. Rxb3 Re3+ 38. Kd2 $11) 34... Rd2 $19 (34... cxb3
$6 35. Ke2 Rg8 36. Rb1 Rxg3 37. Rxb3 Re3+ 38. Kd2 $11) 35. Rb6+ (35. Bd4 cxb3
36. Ke3 Rg2 $19) 35... Kxb6 $17 36. Rb1+ (36. Rf1 Kc6 $19) 36... Kc6 $19 37.
Bd4 (37. Rf1 Ra2 $19) 37... Bxd4 38. cxd4 Rxd4 $4 (38... Kd5 $142 39. Ke3 Rd3+
40. Ke2 Kxd4 $19) 39. Rb8 Rd3+ 40. Kf2 $4 (40. Ke2 $142 Rxg3 41. Rf8 $17) 40...
c3 $19 41. Rf8 (41. Rc8+ Kd5 42. Rc7 $19) 41... Kc5 42. Rxf5+ Kc4 43. Rf8 c2
44. Rc8+ Kb3 45. Rxc2 Kxc2 0-1

[Event "AN PASAN Sofia - ALCOR Bucuresti"]
[Site "Vonesta Voda"]
[Date "2016.12.28"]
[Round "4.1"]
[White "Ulian, Andrei-Octavian"]
[Black "Kolev, Lachezar"]
[Result "0-1"]
[WhiteElo "1487"]
[BlackElo "1856"]
[PlyCount "116"]
[EventDate "2016.12.26"]
[EventType "schev"]
[EventRounds "6"]
[EventCountry "BUL"]

1. d4 Nf6 2. c4 e6 3. Nc3 Bb4 4. f3 O-O 5. a3 Bxc3+ 6. bxc3 d6 7. e3 (7. e4 Qe7
8. Bd3 e5 9. Ne2 Nc6 10. O-O b6 11. Bg5 h6 12. Bh4 g5 13. Bf2 Nh5 14. g4 Nf4
15. Nxf4 gxf4 16. Kh1 f6 17. Rg1 Kh8 18. Qf1 Bd7 19. h4 Rf7 20. Qg2 Rg8 21. Qh2
Rfg7 {Santos,C (2325)-Morais,V (2250) Portugal 1992 1-0 (39)}) 7... Nbd7 8. Bd3
b6 $146 (8... e5 9. Ne2 Re8 10. Ng3 d5 11. cxd5 Nxd5 12. O-O c6 13. Qc2 h6 14.
Kh1 exd4 15. exd4 Qc7 16. f4 N7f6 17. c4 Ne3 18. Bxe3 Rxe3 19. Qd2 Re8 20. Rae1
Be6 21. Ne4 Nxe4 22. Rxe4 Bd7 23. Rfe1 {
Choroszej,A (2085)-Meczynski,W (2153) Poznan 2012 1/2 (56)}) 9. Ne2 c5 10. O-O
Ba6 11. Qa4 (11. e4 Qc7 $14) 11... Bb7 (11... Qc8 $5 $15) 12. e4 $11 Rc8 13.
Be3 (13. Qxa7 $4 Bc6 14. Bf4 Ra8 15. Qxa8 Bxa8 16. Bxd6 Re8 $19) 13... Qc7 14.
Rac1 (14. Qxa7 $4 Ra8 15. Qxa8 Rxa8 $19) 14... Rfd8 15. Ng3 (15. Qxa7 $4 Ra8
16. Qxa8 Rxa8 $19) 15... Qb8 16. Bf2 Nf8 17. Rfe1 Ng6 18. Be3 Qa8 $2 (18... h6
19. Rb1 $14) 19. Bd2 (19. Bg5 $5 $16) 19... h6 20. f4 Ne7 (20... Qb8 21. Qd1
$16) 21. d5 $16 Nd7 $2 (21... e5 22. fxe5 dxe5 23. Rf1 $16) 22. Re2 (22. Nh5
$142 $5 Kh8 23. Qd1 $18) 22... e5 23. Rf1 Rc7 (23... exf4 24. Bxf4 Ng6 25. Bxd6
$16) 24. Ref2 $16 Bc8 (24... Ng6 25. f5 Nf4 26. Bxf4 exf4 27. Nh5 $16) 25. Be2
(25. Nh5 Kh8 26. Qd1 Rg8 $18) 25... a6 (25... Ng6 26. f5 Nf4 27. Bxf4 exf4 28.
Nh5 $16) 26. f5 (26. Nh5 Kh8 $18) 26... Nf6 27. Qc2 Kh7 (27... b5 28. Nh5 Nxh5
29. Bxh5 $16) 28. Nh5 Neg8 (28... Nxh5 29. Bxh5 f6 30. h4 $16) 29. Qd3 (29.
Nxf6+ Nxf6 30. g4 Rh8 $18) 29... Nxh5 $16 30. Bxh5 Nf6 31. Be2 b5 (31... Rh8
32. g4 $16) 32. Bf3 (32. g4 $142 $5 bxc4 33. Qf3 $16) 32... bxc4 33. Qxc4 a5
34. Qa4 (34. Qd3 $5 $16) 34... Bd7 $14 35. Qc2 Qa6 36. Be2 c4 (36... Qb6 $11)
37. Rb1 (37. Bf3 $5 $16) 37... Qa7 (37... Rb7 $5 38. Rbf1 Rdb8 $15) 38. Bf3 $11
Rb8 39. Rxb8 (39. Re1 $5 Qb7 40. g4 $11) 39... Qxb8 $17 40. Rf1 Rb7 41. Bc1 Rb3
(41... Rb1 $142 $17) 42. Rf2 $4 (42. g4 $142 $11) 42... Ba4 $19 43. Qd2 Rb1 44.
Rf1 Qb3 45. Bd1 $4 (45. g4 $142 $17) 45... Qb6+ $19 46. Kh1 (46. Qf2 Qxf2+ 47.
Kxf2 Nxe4+ 48. Ke3 Rxc1 49. Bxa4 Rxf1 50. Kxe4 Rc1 $19) 46... Nxe4 47. Qe1 Rxc1
48. Qxe4 Rxd1 49. f6+ g6 50. Rxd1 Bxd1 51. h3 Qf2 52. Qb1 (52. Qxc4 Bc2 $19)
52... Bb3 53. Qe4 (53. Qg1 Qxf6 54. Qe1 Qf4 $19) 53... Qf1+ 54. Kh2 Qf4+ 55.
Qxf4 exf4 56. h4 Bc2 57. Kh3 Bf5+ 58. g4 Bd7 0-1

[Event "AN PASAN Sofia - ALCOR Bucuresti"]
[Site "Vonesta Voda"]
[Date "2016.12.28"]
[Round "5.1"]
[White "Stoyanov, Georgi"]
[Black "Schiopu, Andreea-Alexandra"]
[Result "1/2-1/2"]
[WhiteElo "1895"]
[BlackElo "1620"]
[PlyCount "53"]
[EventDate "2016.12.26"]
[EventType "schev"]
[EventRounds "6"]
[EventCountry "BUL"]

1. Nf3 d5 2. c4 e6 3. e3 Nf6 4. d4 c5 5. b3 cxd4 6. exd4 Nc6 7. Be2 dxc4 8.
bxc4 Bb4+ 9. Bd2 Bxd2+ 10. Qxd2 O-O 11. O-O b6 12. Nc3 Bb7 13. Rad1 $146 (13.
Rfd1 Rc8 14. d5 Na5 15. Ne5 Qd6 16. Qd4 exd5 17. cxd5 Rc5 18. Bf3 Rfc8 19. Rd3
Nc4 20. Ng4 Nb2 21. Re3 Rc4 22. Nxf6+ gxf6 23. Ne4 Qb4 24. Nxf6+ Kh8 25. Qe5
Rc1+ 26. Bd1 Qf8 27. Qf5 Qh6 {Andersen,E-Gromer,A Hamburg 1930 1-0}) 13... Rc8
14. Qf4 Qc7 15. Qxc7 Rxc7 16. Nb5 Re7 17. Ne5 a6 18. Nd6 Ba8 19. f4 Rd8 20. c5
bxc5 21. dxc5 Nd5 22. Nec4 (22. Bh5 g6 23. Bf3 Nxe5 24. fxe5 Rc7 25. Bxd5 Bxd5
$11) 22... Nc3 (22... Rc7 23. Bf3 $11) 23. Rd2 $11 Nxe2+ 24. Rxe2 Nb4 25. Nb6
Nd5 (25... Rc7 26. f5 $11) 26. Nxd5 $14 Bxd5 27. Rd1 1/2-1/2

[Event "AN PASAN Sofia - ALCOR Bucuresti"]
[Site "Vonesta Voda"]
[Date "2016.12.28"]
[Round "5.1"]
[White "Pavlov, Vladimir"]
[Black "Ulian, Andrei-Octavian"]
[Result "1-0"]
[WhiteElo "1903"]
[BlackElo "1487"]
[PlyCount "51"]
[EventDate "2016.12.26"]
[EventType "schev"]
[EventRounds "6"]
[EventCountry "BUL"]

1. e4 e5 2. Nf3 Nc6 3. Bc4 Bc5 4. O-O Nf6 5. d4 Bxd4 6. Nxd4 Nxd4 7. f4 Nc6 8.
Bxf7+ Kxf7 9. fxe5 Nxe5 10. Qd5+ Kf8 11. Qxe5 d6 12. Qd4 Ke8 (12... Kf7 13. Nc3
(13. Bg5 h6 14. Bxf6 gxf6 15. Nc3 Be6 16. Rf2 Kg7 17. Raf1 Rf8 18. Ne2 Qe7 19.
Qc3 Rf7 20. Nf4 Raf8 21. Qg3+ Kh7 22. Qg6+ Kh8 23. Qxh6+ Kg8 24. Ng6 {
1-0 (24) Odermatt,K (1897)-Janzek,J (1993) Zuerich 2015}) 13... Rf8 14. Nd5 c6
15. Nxf6 gxf6 16. Bh6 Rg8 17. Rf2 Be6 18. Raf1 Rg6 19. Qd2 Kg8 20. h4 Bc4 21.
h5 Rg4 22. Rf4 Qd7 23. Rxg4+ Qxg4 24. Rxf6 Qxh5 25. Rf5 Qh4 26. Rg5+ Kf7 27.
Rg7+ {Osipow,N (2225)-Dubiel,J (2400) Zabrzanski Wrzesien 1994 1-0}) 13. Bg5
Rf8 14. Nc3 c5 15. Qf2 $146 (15. Qe3 Ng4 16. Rxf8+ Kxf8 17. Qf4+ Nf6 18. Rd1 h6
19. Rxd6 Bd7 20. Bxf6 gxf6 21. Rxf6+ Kg7 22. Qxh6+ Kg8 23. Rg6+ {
1-0 (23) Kandetzki,C-Pfaff,F Verden 1996}) (15. Qc4 a6 $18) 15... h6 (15... Be6
16. Qg3 Nh5 17. Qh4 (17. Bxd8 Rxf1+ (17... Nxg3 $2 18. Rxf8+ Kxf8 19. Bc7 $18)
18. Rxf1 Nxg3 19. hxg3 Rxd8 $11) 17... Rxf1+ 18. Rxf1 $18) 16. Bh4 (16. Bxf6
Rxf6 17. Qg3 Kf7 $18) 16... g5 $4 (16... Be6 $18) 17. Bg3 Qe7 (17... Qd7 $18)
18. Bxd6 (18. Qd2 $142 Rf7 19. Bxd6 $18) 18... Qxd6 $16 19. e5 Qd4 (19... Ng4
$5 20. exd6 Nxf2 21. Rae1+ Kd7 22. Rxf2 Rxf2 23. Kxf2 b6 $16) 20. exf6 Rxf6 21.
Rae1+ Kd8 $4 (21... Kf7 $142 22. Qxd4 cxd4 23. Rxf6+ Kxf6 24. Nd5+ Kf7 25. Re7+
Kf8 $16) 22. Qxd4+ $18 cxd4 23. Rxf6 dxc3 24. bxc3 Kc7 25. Re7+ Kd8 (25... Bd7
$18) 26. Rg7 1-0

[Event "AN PASAN Sofia - ALCOR Bucuresti"]
[Site "Vonesta Voda"]
[Date "2016.12.28"]
[Round "5.1"]
[White "Nanovski, Stiliyan"]
[Black "Stefan, Mihai"]
[Result "0-1"]
[WhiteElo "1781"]
[BlackElo "1893"]
[PlyCount "46"]
[EventDate "2016.12.26"]
[EventType "schev"]
[EventRounds "6"]
[EventCountry "BUL"]

1. c4 e6 2. d4 d5 3. Nc3 c5 4. Nf3 Nc6 5. cxd5 exd5 6. dxc5 d4 7. Ne4 Bxc5 8.
Nxc5 Qa5+ 9. Bd2 Qxc5 10. e3 (10. Rc1 Qb6 11. e3 Nf6 12. Bc4 O-O 13. O-O Bg4
14. exd4 Rad8 15. h3 Bxf3 16. Qxf3 Nxd4 17. Qf4 Nd5 18. Qg5 h6 19. Qh5 Nf6 20.
Qa5 Qxb2 21. Bc3 Qb6 22. Qxb6 axb6 23. Rfd1 Nc6 24. Rxd8 Rxd8 {
Malinin,Y (2220)-Valantiejus,V (2128) Panevezys 2016 1-0 (36)}) 10... dxe3 11.
Bxe3 Qe7 $146 (11... Qb4+ 12. Qd2 Qxd2+ 13. Bxd2 Nge7 14. g3 O-O 15. Bg2 Rd8
16. O-O Be6 17. b3 Rac8 18. Rfd1 f6 19. Ne1 Bd5 20. Bxd5+ Nxd5 21. Nf3 Ndb4 22.
Bxb4 Nxb4 23. a3 Nd3 24. Ra2 Nc1 25. Rxd8+ Rxd8 26. Rd2 {
Schott,E (1565)-Flach,H (1766) Germany 2015 1/2 (33)}) (11... Qb4+ 12. Qd2
Qxd2+ 13. Nxd2 $11) 12. Bd3 Nf6 13. O-O O-O 14. Bg5 h6 15. Bh4 Be6 16. Re1 Rad8
17. Qe2 Nd4 18. Qe3 Nxf3+ 19. Qxf3 Rd4 20. Bg3 Qd7 21. Rad1 $4 (21. Bf1 $142
Qd5 22. Qxd5 Nxd5 23. Rac1 $11) 21... Bg4 $19 22. Qe3 (22. Bh7+ Kxh7 23. Rxd4
Qxd4 24. Qc3 Qxc3 25. bxc3 $19) 22... Bxd1 23. Rxd1 Rd8 0-1

[Event "AN PASAN Sofia - ALCOR Bucuresti"]
[Site "Vonesta Voda"]
[Date "2016.12.28"]
[Round "5.1"]
[White "Hristov, Deyan"]
[Black "Chivulescu, Adrian-Alexandru"]
[Result "0-1"]
[WhiteElo "1495"]
[BlackElo "1750"]
[PlyCount "67"]
[EventDate "2016.12.26"]
[EventType "schev"]
[EventRounds "6"]
[EventCountry "BUL"]

1. e4 e5 2. Nf3 Nc6 3. Bc4 Bc5 4. O-O Nf6 5. d4 Bxd4 6. Nxd4 Nxd4 7. f4 d6 8.
fxe5 dxe5 9. Bg5 Qe7 10. c3 Ne6 11. Bxf6 Qc5+ 12. Kh1 Qxc4 13. Bxe5 O-O 14. Nd2
Qb5 15. Nf3 Qxb2 16. Nd4 f6 17. Nxe6 $146 (17. Rb1 Qxa2 18. Nxe6 Qxe6 19. Bxc7
Qxe4 20. Qb3+ Be6 21. Qxb7 Bd5 22. Qb2 Rfe8 23. Bg3 h5 24. Rfe1 Qc4 25. Qb4 Qc6
26. Qb2 a5 27. Rxe8+ Rxe8 28. Re1 Rxe1+ 29. Bxe1 Qc4 30. Kg1 Qe4 31. Bg3 h4 {
Heyne,L (2111)-Mons,L (2402) Hannover 2013 0-1 (31)}) (17. Bg3 $5 $15) 17...
Bxe6 $17 18. Bd4 (18. Bxc7 Rac8 19. Bf4 Qxc3 $17 (19... Rxc3 $143 20. Be5 $16))
18... Qa3 19. Qf3 (19. Qc2 b6 $17) 19... Qe7 (19... c5 20. Be3 $17) 20. Qg3 $17
c5 21. Be3 b5 (21... b6 22. e5 $17) 22. Rf2 Bc4 23. Rf4 (23. Rf5 Qxe4 24. Rxc5
Qd3 $17) 23... Qe5 24. Qh3 (24. Bf2 Be6 $17) 24... Be6 25. Qg3 Rad8 26. Raf1 (
26. Bg1 Rd2 $19) 26... Qxc3 27. R4f3 Qe5 (27... Rf7 28. Bg1 Qc4 29. Rxf6 Qxf1
30. Rxf1 Rxf1 31. Qe5 Bxa2 32. h3 $19) 28. Bf4 $2 (28. Qxe5 $142 fxe5 29. Rxf8+
Rxf8 30. Rxf8+ Kxf8 31. Bxc5+ Kf7 32. a3 $15) 28... Qxe4 $19 29. Re1 (29. Bd6
Rfe8 30. Bxc5 $19) 29... Qd5 30. Bh6 (30. Ra3 Rd7 $19) 30... Rd7 31. Ref1 (31.
Rf2 Qh5 32. Be3 Rd1 $19) 31... Qh5 (31... c4 $142 $19) 32. Bg5 (32. Be3 $19)
32... Bg4 (32... Bc4 $142 33. Be3 Bxf1 34. Rxf1 c4 $19) 33. Bxf6 (33. R3f2 Qxg5
34. h3 $19) 33... Bxf3 34. gxf3 0-1

[Event "AN PASAN Sofia - ALCOR Bucuresti"]
[Site "Vonesta Voda"]
[Date "2016.12.28"]
[Round "5.1"]
[White "Lenkova, Lyubomira"]
[Black "Stepanencu, Nicodim-Cosmin"]
[Result "0-1"]
[WhiteElo "1260"]
[BlackElo "1688"]
[PlyCount "72"]
[EventDate "2016.12.26"]
[EventType "schev"]
[EventRounds "6"]
[EventCountry "BUL"]

1. d4 d5 2. c4 e6 3. Nc3 Be7 4. Nf3 Nf6 5. Bg5 O-O 6. e3 c6 7. Bd3 Nbd7 8. O-O
Ne4 9. Bf4 $146 (9. Bxe7 Nxc3 (9... Qxe7 10. Nxe4 dxe4 11. Bxe4 Qb4 12. Qc2 f5
13. Bd3 Qe7 14. e4 fxe4 15. Bxe4 Nf6 16. Ng5 Nxe4 17. Nxe4 b6 18. Rae1 Bb7 19.
Re3 c5 20. dxc5 bxc5 21. Rh3 g6 22. Rg3 Rf5 23. Rg4 Raf8 24. Ng3 {
Vrettakos,V-Gabai,A Athens 1999 0-1 (34)}) 10. bxc3 Qxe7 11. Qc2 f5 12. Ne5 g6
13. f3 Kg7 14. Nxd7 Bxd7 15. cxd5 exd5 16. e4 fxe4 17. fxe4 Rxf1+ 18. Rxf1 Re8
19. e5 Rc8 20. Qb2 Be8 21. Qc2 Qg5 22. Qc1 Qxc1 23. Rxc1 g5 {
Schoeler,K-Ledig,H Waldfischbach 1995 0-1 (35)}) (9. Bxe7 Qxe7 10. Nxe4 dxe4
11. Bxe4 e5 $16) 9... Nef6 (9... g5 10. Bg3 (10. Nxe4 $143 dxe4 11. Bxg5 Bxg5
12. Bxe4 Bh6 $17) (10. Bxe4 $143 dxe4 11. Nxg5 Bxg5 $15) 10... Nxg3 11. hxg3
$11) 10. a3 dxc4 11. Bxc4 Nb6 12. Bd3 Bd6 (12... Nbd5 13. Be5 $16) 13. Bg3 (13.
Bxd6 $5 Qxd6 14. e4 $16) 13... Bxg3 $14 14. hxg3 Re8 15. b4 (15. Ne5 Nbd7 $16)
15... Nbd5 16. Qc2 Nxc3 17. Qxc3 Bd7 18. a4 Rc8 19. Qd2 (19. Ne5 Nd5 20. Qc2 g6
$16) 19... Ng4 $14 20. Rfc1 (20. Rfd1 Qe7 $14) 20... Qf6 (20... e5 21. Nxe5
Nxe5 22. dxe5 Rxe5 23. Rd1 $11) 21. Rab1 Rcd8 22. Qe2 (22. Rc5 b6 23. Rc4 e5
$14) 22... Qh6 23. Nh4 e5 24. Qf3 (24. dxe5 $5 Nxe5 25. Be4 $11) 24... exd4 25.
exd4 g5 26. Bc4 $4 (26. Bf5 $142 Bxf5 27. Qxf5 $17) 26... Qh5 (26... gxh4 $6
27. Bxf7+ Kh8 28. Bxe8 Rxe8 29. gxh4 Qxh4 30. Qf4 $17) 27. b5 (27. d5 gxh4 28.
dxc6 bxc6 $19 (28... Bxc6 $6 29. Bxf7+ Qxf7 30. Qxg4+ Kh8 31. b5 hxg3 32. Qxg3
$19)) 27... gxh4 28. Qf4 (28. bxc6 Bxc6 29. Bxf7+ Qxf7 30. Qxg4+ Qg7 31. Qxg7+
Kxg7 32. gxh4 Rxd4 $19) 28... Qf5 (28... Bf5 $142 29. gxh4 Bxb1 30. Rxb1 Qg6
31. Bxf7+ Qxf7 32. Qxg4+ Qg6 33. Qxg6+ hxg6 34. bxc6 bxc6 $19) 29. Qd2 (29. Qf3
h3 $1 30. Rb2 hxg2 31. Kxg2 Qxf3+ 32. Kxf3 $19) 29... hxg3 30. f3 Ne3 31. Rb3
Nxc4 32. Rxc4 Qh5 33. Re3 Rxe3 34. Qxe3 Re8 35. Qd2 Qh2+ 36. Kf1 Qh1# 0-1